[Event "8th Vellmar Chess Days"]
[Site "chess24.com"]
[Date "2016.07.29"]
[Round "2"]
[White "Koronowski, Heinz-Juergen"]
[Black "Held, Carsten, Dr."]
[Result "0-1"]
[Board "31"]
[WhiteElo "1730"]
[WhiteCountry "GER"]
[WhiteFideId "12943762"]
[WhiteEloChange "-4"]
[BlackElo "1989"]
[BlackCountry "GER"]
[BlackFideId "1271741"]
[BlackEloChange "4"]

1. e4 {[%clk 1:30:59]} g6 {[%clk 1:30:55]} 2. d4 {[%clk 1:31:22]} Bg7 {[%clk
1:31:16]} 3. Nc3 {[%clk 1:31:33]} d6 {[%clk 1:31:31]} 4. Nf3 {[%clk 1:31:38]} a6
{[%clk 1:31:56]} 5. a4 {[%clk 1:30:52]} b6 {[%clk 1:32:20]} 6. Be2 {[%clk
1:29:18]} Nd7 {[%clk 1:32:23]} 7. Bf4 {[%clk 1:26:24]} e6 {[%clk 1:31:37]} 8. Qd2
{[%clk 1:25:55]} h6 {[%clk 1:31:20]} 9. e5 {[%clk 1:20:23]} d5 {[%clk 1:30:51]}
10. b4 {[%clk 1:16:56]} Ne7 {[%clk 1:23:08]} 11. O-O {[%clk 1:14:52]} c5 {[%clk
1:18:52]} 12. bxc5 {[%clk 1:04:14]} bxc5 {[%clk 1:18:27]} 13. dxc5 {[%clk
1:04:13]} Nxc5 {[%clk 1:15:44]} 14. Qe3 {[%clk 1:00:24]} Qc7 {[%clk 1:14:31]} 15.
Nd4 {[%clk 0:58:10]} Nd7 {[%clk 1:10:29]} 16. Rfc1 {[%clk 0:53:31]} Bxe5 {[%clk
0:59:19]} 17. Bxe5 {[%clk 0:50:09]} Qxe5 {[%clk 0:56:43]} 18. Qxe5 {[%clk
0:50:21]} Nxe5 {[%clk 0:57:10]} 19. f4 {[%clk 0:50:37]} N5c6 {[%clk 0:57:26]} 20.
Nxc6 {[%clk 0:50:32]} Nxc6 {[%clk 0:57:53]} 21. Rab1 {[%clk 0:50:18]} Ra7 {[%clk
0:40:36]} 22. Bd3 {[%clk 0:43:10]} Kd7 {[%clk 0:29:23]} 23. Ne2 {[%clk 0:39:41]}
Rd8 {[%clk 0:10:45]} 24. c3 {[%clk 0:35:57]} Bb7 {[%clk 0:05:58]} 25. Kf2 {[%clk
0:33:52]} Rc8 {[%clk 0:06:03]} 26. Ke3 {[%clk 0:30:00]} Na5 {[%clk 0:06:00]} 27.
g3 {[%clk 0:22:19]} Nc4+ {[%clk 0:03:37]} 28. Kd4 {[%clk 0:19:39]} Kd6 {[%clk
0:03:29]} 29. Bc2 {[%clk 0:12:11]} Bc6 {[%clk 0:02:55]} 30. Ra1 {[%clk 0:08:37]}
Rb7 {[%clk 0:02:47]} 31. Ra2 {[%clk 0:07:59]} Be8 {[%clk 0:03:00]} 32. Rb1 {[%clk
0:04:07]} Rxb1 {[%clk 0:03:28]} 33. Bxb1 {[%clk 0:04:25]} f6 {[%clk 0:03:52]} 34.
Kd3 {[%clk 0:03:19]} e5 {[%clk 0:03:52]} 35. fxe5+ {[%clk 0:00:33]} fxe5 {[%clk
0:04:22]} 0-1

[Event "8th Vellmar Chess Days"]
[Site "chess24.com"]
[Date "2016.07.29"]
[Round "2"]
[White "Knoth, Eugen"]
[Black "Kuschel, Heidi"]
[Result "1/2-1/2"]
[Board "32"]
[WhiteElo "1980"]
[WhiteCountry "GER"]
[WhiteFideId "4650395"]
[WhiteEloChange "-6"]
[BlackElo "1730"]
[BlackCountry "GER"]
[BlackFideId "12974587"]
[BlackEloChange "6"]

1. d4 {[%clk 1:30:49]} Nf6 {[%clk 1:30:37]} 2. Nf3 {[%clk 1:31:10]} g6 {[%clk
1:30:44]} 3. Bf4 {[%clk 1:31:28]} Bg7 {[%clk 1:30:57]} 4. e3 {[%clk 1:31:52]} O-O
{[%clk 1:30:58]} 5. h3 {[%clk 1:32:16]} c5 {[%clk 1:30:16]} 6. c3 {[%clk
1:31:58]} b6 {[%clk 1:25:26]} 7. Be2 {[%clk 1:31:40]} Bb7 {[%clk 1:25:23]} 8. O-O
{[%clk 1:31:56]} d6 {[%clk 1:24:47]} 9. Nbd2 {[%clk 1:27:09]} Nbd7 {[%clk
1:23:42]} 10. a4 {[%clk 1:22:05]} a6 {[%clk 1:12:24]} 11. Bh2 {[%clk 1:10:49]}
Qc8 {[%clk 1:00:42]} 12. Ne1 {[%clk 1:10:05]} d5 {[%clk 0:54:21]} 13. Nef3 {[%clk
1:07:19]} c4 {[%clk 0:54:12]} 14. Ne5 {[%clk 1:07:07]} Ne8 {[%clk 0:48:32]} 15.
Nxd7 {[%clk 1:03:51]} Qxd7 {[%clk 0:47:00]} 16. Nf3 {[%clk 1:04:06]} f6 {[%clk
0:42:21]} 17. Qc2 {[%clk 1:00:11]} Nd6 {[%clk 0:38:52]} 18. Nd2 {[%clk 0:50:22]}
f5 {[%clk 0:36:08]} 19. Nf3 {[%clk 0:49:25]} e6 {[%clk 0:29:44]} 20. Be5 {[%clk
0:48:56]} Bh6 {[%clk 0:26:19]} 21. Bxd6 {[%clk 0:44:07]} 1/2-1/2

[Event "8th Vellmar Chess Days"]
[Site "chess24.com"]
[Date "2016.07.29"]
[Round "2"]
[White "Phunhon Lopez, Daniel Alejandro"]
[Black "Rehbein, Ullrich"]
[Result "1-0"]
[Board "33"]
[WhiteElo "1958"]
[WhiteCountry "GER"]
[WhiteFideId "12952567"]
[WhiteEloChange "6"]
[BlackElo "1800"]
[BlackCountry "GER"]
[BlackFideId "4681037"]
[BlackEloChange "-6"]

1. e4 {[%clk 1:17:00]} d5 {[%clk 1:30:43]} 2. exd5 {[%clk 1:17:29]} Qxd5 {[%clk
1:31:08]} 3. Nc3 {[%clk 1:17:28]} Qa5 {[%clk 1:31:36]} 4. Bc4 {[%clk 1:17:52]}
Nf6 {[%clk 1:31:16]} 5. d3 {[%clk 1:18:17]} Bg4 {[%clk 1:27:32]} 6. f3 {[%clk
1:18:46]} Bd7 {[%clk 1:25:17]} 7. Bd2 {[%clk 1:19:07]} Qe5+ {[%clk 1:21:41]} 8.
Nge2 {[%clk 1:18:24]} Qd6 {[%clk 1:14:15]} 9. O-O {[%clk 1:16:03]} b5 {[%clk
1:02:32]} 10. Bb3 {[%clk 1:15:43]} c5 {[%clk 1:01:55]} 11. a4 {[%clk 1:13:10]} c4
{[%clk 0:55:59]} 12. dxc4 {[%clk 1:12:47]} bxc4 {[%clk 0:56:28]} 13. Ba2 {[%clk
1:12:22]} Na6 {[%clk 0:48:56]} 14. Kh1 {[%clk 1:11:05]} Rc8 {[%clk 0:47:20]} 15.
Qe1 {[%clk 1:05:47]} g6 {[%clk 0:43:19]} 16. Nb5 {[%clk 0:59:59]} Qb8 {[%clk
0:38:45]} 17. Nec3 {[%clk 0:58:36]} Nb4 {[%clk 0:37:33]} 18. Ne4 {[%clk 0:53:49]}
Nxe4 {[%clk 0:32:38]} 19. Qxe4 {[%clk 0:39:29]} Bf5 {[%clk 0:26:13]} 20. Qd4
{[%clk 0:36:14]} e5 {[%clk 0:22:17]} 21. Qxa7 {[%clk 0:36:30]} Nxc2 {[%clk
0:18:03]} 22. Qxb8 {[%clk 0:28:41]} Rxb8 {[%clk 0:18:32]} 23. Bc3 {[%clk
0:28:37]} f6 {[%clk 0:17:14]} 24. Rac1 {[%clk 0:21:37]} Bd3 {[%clk 0:17:35]} 25.
Rf2 {[%clk 0:21:19]} Nb4 {[%clk 0:16:29]} 26. Bxb4 {[%clk 0:13:20]} Bxb4 {[%clk
0:16:58]} 27. Bxc4 {[%clk 0:13:48]} Rc8 {[%clk 0:13:55]} 28. b3 {[%clk 0:14:00]}
Bc5 {[%clk 0:14:24]} 29. Bxd3 {[%clk 0:14:01]} O-O {[%clk 0:06:29]} 30. Rfc2
{[%clk 0:14:13]} 1-0

[Event "8th Vellmar Chess Days"]
[Site "chess24.com"]
[Date "2016.07.29"]
[Round "2"]
[White "Lutz, Ruben"]
[Black "Wolffgang, Georg"]
[Result "1/2-1/2"]
[Board "34"]
[WhiteElo "1733"]
[WhiteCountry "GER"]
[WhiteFideId "12975974"]
[WhiteEloChange "6"]
[BlackElo "1951"]
[BlackCountry "GER"]
[BlackFideId "12904554"]
[BlackEloChange "-6"]

1. d4 {[%clk 1:30:56]} Nf6 {[%clk 1:30:53]} 2. Nf3 {[%clk 1:31:10]} e6 {[%clk
1:31:06]} 3. Bg5 {[%clk 1:31:17]} h6 {[%clk 1:31:02]} 4. Bh4 {[%clk 1:31:30]} c5
{[%clk 1:30:56]} 5. c3 {[%clk 1:29:57]} b6 {[%clk 1:27:34]} 6. e3 {[%clk
1:27:34]} Bb7 {[%clk 1:27:58]} 7. Nbd2 {[%clk 1:27:06]} d6 {[%clk 1:28:15]} 8.
Be2 {[%clk 1:20:24]} Nbd7 {[%clk 1:28:38]} 9. O-O {[%clk 1:20:17]} Be7 {[%clk
1:28:58]} 10. a4 {[%clk 1:16:31]} O-O {[%clk 1:25:23]} 11. Qb3 {[%clk 1:10:42]}
d5 {[%clk 1:24:21]} 12. Rfe1 {[%clk 0:54:27]} Qc8 {[%clk 1:21:37]} 13. Ne5 {[%clk
0:50:24]} Re8 {[%clk 1:21:10]} 14. Ndf3 {[%clk 0:48:29]} Bd6 {[%clk 1:13:34]} 15.
Bb5 {[%clk 0:42:30]} Rf8 {[%clk 1:06:02]} 16. Nxd7 {[%clk 0:38:37]} Nxd7 {[%clk
1:06:28]} 17. Bxd7 {[%clk 0:37:54]} Qxd7 {[%clk 1:06:56]} 18. Bg3 {[%clk
0:38:03]} Be7 {[%clk 1:02:56]} 19. Ne5 {[%clk 0:38:10]} Qe8 {[%clk 1:02:21]} 20.
Qd1 {[%clk 0:33:08]} f6 {[%clk 0:56:17]} 21. Nd3 {[%clk 0:32:56]} g5 {[%clk
0:55:37]} 22. f3 {[%clk 0:21:08]} Qg6 {[%clk 0:54:38]} 23. Nf2 {[%clk 0:14:48]}
h5 {[%clk 0:54:31]} 24. h4 {[%clk 0:10:27]} f5 {[%clk 0:53:40]} 25. hxg5 {[%clk
0:09:58]} Bxg5 {[%clk 0:51:38]} 26. Be5 {[%clk 0:06:40]} Bh4 {[%clk 0:44:21]} 27.
Qe2 {[%clk 0:01:53]} Kh7 {[%clk 0:39:20]} 28. Nh3 {[%clk 0:01:07]} Rg8 {[%clk
0:36:59]} 29. Nf4 {[%clk 0:01:06]} Qf7 {[%clk 0:37:19]} 30. Rf1 {[%clk 0:00:44]}
a5 {[%clk 0:37:21]} 31. Qd2 {[%clk 0:00:41]} Ba6 {[%clk 0:34:44]} 32. Rf2 {[%clk
0:00:46]} Rg5 {[%clk 0:32:15]} 33. Nh3 {[%clk 0:00:45]} Rg6 {[%clk 0:30:18]} 34.
Nf4 {[%clk 0:01:08]} Rgg8 {[%clk 0:27:16]} 35. Nh3 {[%clk 0:00:46]} Bg3 {[%clk
0:22:09]} 36. Bxg3 {[%clk 0:00:49]} Rxg3 {[%clk 0:22:38]} 37. f4 {[%clk 0:00:38]}
Rag8 {[%clk 0:17:18]} 38. Ng5+ {[%clk 0:00:51]} R3xg5 {[%clk 0:17:40]} 39. fxg5
{[%clk 0:01:15]} Qg6 {[%clk 0:17:03]} 40. Rc1 {[%clk 0:00:40]} Qxg5 {[%clk
0:17:13]} 41. Rc2 {[%clk 0:27:17]} Bc4 {[%clk 0:47:47]} 42. b4 {[%clk 0:10:29]}
Bb3 {[%clk 0:44:50]} 43. Rb2 {[%clk 0:10:10]} c4 {[%clk 0:44:54]} 44. bxa5 {[%clk
0:08:38]} bxa5 {[%clk 0:45:17]} 45. Rf4 {[%clk 0:07:05]} Qe7 {[%clk 0:43:40]} 46.
Qe2 {[%clk 0:05:06]} Kh6 {[%clk 0:43:20]} 47. Qf3 {[%clk 0:04:05]} Qe8 {[%clk
0:41:47]} 48. Rh4 {[%clk 0:03:16]} Rg5 {[%clk 0:41:11]} 49. g4 {[%clk 0:01:06]}
fxg4 {[%clk 0:25:37]} 50. Qf6+ {[%clk 0:01:04]} Qg6 {[%clk 0:25:24]} 51. Qh8+
{[%clk 0:00:56]} Qh7 {[%clk 0:25:26]} 52. Qf6+ {[%clk 0:01:20]} Qg6 {[%clk
0:25:26]} 1/2-1/2

[Event "8th Vellmar Chess Days"]
[Site "chess24.com"]
[Date "2016.07.29"]
[Round "2"]
[White "Schnegelsberg, Karl-Heinz"]
[Black "Bethke, Richard"]
[Result "0-1"]
[Board "35"]
[WhiteElo "1990"]
[WhiteCountry "GER"]
[WhiteFideId "4653335"]
[WhiteEloChange "-15"]
[BlackElo "1800"]
[BlackCountry "GER"]
[BlackFideId "12959243"]
[BlackEloChange "15"]

1. Nf3 {[%clk 1:28:36]} d5 {[%clk 1:30:52]} 2. d3 {[%clk 1:28:59]} Nf6 {[%clk
1:31:17]} 3. Nbd2 {[%clk 1:29:19]} Bf5 {[%clk 1:31:39]} 4. g3 {[%clk 1:28:54]} h6
{[%clk 1:32:03]} 5. Bg2 {[%clk 1:28:56]} e6 {[%clk 1:32:26]} 6. O-O {[%clk
1:27:41]} Be7 {[%clk 1:32:40]} 7. c4 {[%clk 1:20:46]} Nbd7 {[%clk 1:30:53]} 8.
cxd5 {[%clk 1:17:50]} exd5 {[%clk 1:31:07]} 9. Nd4 {[%clk 1:17:44]} Bh7 {[%clk
1:31:09]} 10. a3 {[%clk 1:10:31]} O-O {[%clk 1:31:02]} 11. b4 {[%clk 1:10:34]} c6
{[%clk 1:28:43]} 12. N2b3 {[%clk 1:10:26]} Rc8 {[%clk 1:28:36]} 13. Na5 {[%clk
1:05:45]} Qb6 {[%clk 1:28:17]} 14. Be3 {[%clk 0:59:24]} Qc7 {[%clk 1:27:39]} 15.
Rc1 {[%clk 0:56:29]} Ng4 {[%clk 1:23:45]} 16. Bf4 {[%clk 0:53:20]} Qb6 {[%clk
1:23:58]} 17. Ndb3 {[%clk 0:52:00]} Bg5 {[%clk 1:16:36]} 18. Bxg5 {[%clk
0:44:32]} hxg5 {[%clk 1:16:52]} 19. Nc5 {[%clk 0:40:51]} Nxc5 {[%clk 1:16:37]}
20. Rxc5 {[%clk 0:41:17]} Ne5 {[%clk 1:15:20]} 21. Qc1 {[%clk 0:32:59]} Bxd3
{[%clk 1:13:13]} 22. Bxd5 {[%clk 0:25:22]} Bxe2 {[%clk 1:12:43]} 23. Nc4 {[%clk
0:15:51]} Nxc4 {[%clk 1:11:32]} 24. Bxc4 {[%clk 0:16:05]} Bxf1 {[%clk 1:11:46]}
25. Kxf1 {[%clk 0:16:06]} Qd8 {[%clk 1:11:24]} 26. Rxg5 {[%clk 0:16:03]} Qd4
{[%clk 1:09:41]} 27. h4 {[%clk 0:15:17]} Rcd8 {[%clk 1:08:48]} 28. Kg2 {[%clk
0:13:29]} Rd6 {[%clk 1:04:50]} 29. Qc2 {[%clk 0:10:25]} b5 {[%clk 1:02:21]} 30.
Bb3 {[%clk 0:10:04]} Re8 {[%clk 1:01:34]} 31. Rf5 {[%clk 0:08:45]} Rf6 {[%clk
0:59:34]} 32. Rc5 {[%clk 0:04:14]} Qe4+ {[%clk 0:59:35]} 33. Qxe4 {[%clk
0:02:46]} Rxe4 {[%clk 0:59:51]} 34. Rc2 {[%clk 0:02:11]} Rd4 {[%clk 0:59:57]} 35.
Re2 {[%clk 0:02:27]} Kf8 {[%clk 1:00:04]} 36. Bc2 {[%clk 0:02:13]} Rc4 {[%clk
1:00:13]} 37. Be4 {[%clk 0:01:34]} Re6 {[%clk 1:00:12]} 38. f3 {[%clk 0:01:30]}
f5 {[%clk 1:00:15]} 39. Bd3 {[%clk 0:01:22]} Rxe2+ {[%clk 1:00:30]} 0-1

[Event "8th Vellmar Chess Days"]
[Site "chess24.com"]
[Date "2016.07.29"]
[Round "2"]
[White "Fischer, Andreas"]
[Black "Modric, Vladimir"]
[Result "0-1"]
[Board "36"]
[WhiteElo "1859"]
[WhiteCountry "GER"]
[WhiteFideId "1270053"]
[WhiteEloChange "-6"]
[BlackElo "1986"]
[BlackCountry "GER"]
[BlackFideId "24628654"]
[BlackEloChange "6"]

1. e4 {[%clk 1:30:54]} Nf6 {[%clk 1:30:54]} 2. e5 {[%clk 1:31:07]} Nd5 {[%clk
1:31:18]} 3. d4 {[%clk 1:31:23]} d6 {[%clk 1:31:42]} 4. Nf3 {[%clk 1:31:40]} Bg4
{[%clk 1:31:37]} 5. Be2 {[%clk 1:31:41]} e6 {[%clk 1:30:04]} 6. O-O {[%clk
1:31:38]} Be7 {[%clk 1:29:52]} 7. c4 {[%clk 1:30:27]} Nb6 {[%clk 1:29:48]} 8. Nc3
{[%clk 1:30:05]} O-O {[%clk 1:28:39]} 9. exd6 {[%clk 1:25:55]} cxd6 {[%clk
1:28:06]} 10. Bf4 {[%clk 1:24:22]} N8d7 {[%clk 1:15:15]} 11. b3 {[%clk 1:20:01]}
Nf6 {[%clk 1:05:54]} 12. Re1 {[%clk 1:16:22]} a6 {[%clk 1:02:03]} 13. h3 {[%clk
1:13:20]} Bh5 {[%clk 0:59:52]} 14. a4 {[%clk 1:08:44]} Re8 {[%clk 0:55:18]} 15.
a5 {[%clk 1:07:32]} Nbd7 {[%clk 0:55:23]} 16. b4 {[%clk 1:07:30]} e5 {[%clk
0:49:12]} 17. Bg3 {[%clk 0:55:52]} e4 {[%clk 0:40:49]} 18. Nd2 {[%clk 0:54:53]}
Bg6 {[%clk 0:41:08]} 19. d5 {[%clk 0:51:25]} Bf8 {[%clk 0:36:54]} 20. Bf1 {[%clk
0:46:05]} Rc8 {[%clk 0:34:22]} 21. Re3 {[%clk 0:44:58]} Nh5 {[%clk 0:26:04]} 22.
Ndxe4 {[%clk 0:42:38]} f5 {[%clk 0:24:04]} 23. Nxd6 {[%clk 0:36:18]} Rxe3 {[%clk
0:24:07]} 24. fxe3 {[%clk 0:35:41]} Nxg3 {[%clk 0:23:25]} 25. Nxc8 {[%clk
0:35:52]} Qxc8 {[%clk 0:21:46]} 26. c5 {[%clk 0:35:49]} Nxc5 {[%clk 0:15:31]} 27.
bxc5 {[%clk 0:35:58]} Bxc5 {[%clk 0:15:45]} 28. Qe1 {[%clk 0:29:37]} f4 {[%clk
0:15:11]} 29. Nd1 {[%clk 0:28:26]} Nf5 {[%clk 0:10:34]} 30. Rc1 {[%clk 0:24:30]}
fxe3 {[%clk 0:08:45]} 31. Be2 {[%clk 0:21:13]} Qf8 {[%clk 0:08:54]} 32. Nb2
{[%clk 0:17:30]} Nd4 {[%clk 0:06:21]} 33. Qf1 {[%clk 0:13:29]} Qe7 {[%clk
0:04:45]} 34. Kh1 {[%clk 0:12:52]} h6 {[%clk 0:04:19]} 35. Bc4 {[%clk 0:12:14]}
Kh8 {[%clk 0:04:18]} 36. Nd3 {[%clk 0:11:11]} e2 {[%clk 0:03:48]} 37. Qe1 {[%clk
0:10:48]} Ba3 {[%clk 0:03:09]} 38. Ra1 {[%clk 0:09:19]} Nc2 {[%clk 0:03:22]} 39.
Nf4 {[%clk 0:09:01]} Be8 {[%clk 0:01:16]} 40. Qxe2 {[%clk 0:06:20]} Qxe2 {[%clk
0:01:36]} 41. Bxe2 {[%clk 0:05:46]} Nxa1 {[%clk 0:01:56]} 42. Bc4 {[%clk
0:04:52]} Nc2 {[%clk 0:29:33]} 43. Bd3 {[%clk 0:32:18]} Ne3 {[%clk 0:28:33]} 44.
Be4 {[%clk 0:31:47]} Nc4 {[%clk 0:26:28]} 45. Bf5 {[%clk 0:26:38]} Nxa5 {[%clk
0:25:25]} 0-1

[Event "8th Vellmar Chess Days"]
[Site "chess24.com"]
[Date "2016.07.29"]
[Round "2"]
[White "Kelm, Daniel"]
[Black "Evering, Soeren"]
[Result "1-0"]
[Board "37"]
[WhiteElo "1944"]
[WhiteTeam "SC Norbertus Magdeburg"]
[WhiteCountry "GER"]
[WhiteFideId "12917095"]
[WhiteEloChange "8"]
[BlackElo "1862"]
[BlackTeam "SC Papenburg"]
[BlackCountry "GER"]
[BlackFideId "12974650"]
[BlackEloChange "-8"]

1. d4 {[%clk 1:30:30]} Nf6 {[%clk 1:30:30]} 2. Nf3 {[%clk 1:30:30]} d5 {[%clk
1:30:30]} 3. e3 {[%clk 1:30:30]} e6 {[%clk 1:30:30]} 4. Bd3 {[%clk 1:30:30]} c5
{[%clk 1:30:30]} 5. b3 {[%clk 1:30:30]} Nc6 {[%clk 1:30:30]} 6. Nbd2 {[%clk
1:30:30]} Be7 {[%clk 1:30:30]} 7. Bb2 {[%clk 1:30:30]} O-O {[%clk 1:30:30]} 8.
O-O {[%clk 1:30:30]} b6 {[%clk 1:30:30]} 9. Ne5 {[%clk 1:30:30]} Bb7 {[%clk
1:30:30]} 10. f4 {[%clk 1:30:30]} Nb4 {[%clk 1:30:30]} 11. Be2 {[%clk 1:30:30]}
Ne8 {[%clk 1:30:30]} 12. a3 {[%clk 1:30:30]} Nc6 {[%clk 1:30:30]} 13. Rf3 {[%clk
1:30:30]} f5 {[%clk 1:30:30]} 14. Rh3 {[%clk 1:30:30]} Rc8 {[%clk 1:30:30]} 15.
g4 {[%clk 1:30:30]} Nd6 {[%clk 1:30:30]} 16. Bd3 {[%clk 1:30:30]} Ne4 {[%clk
1:30:30]} 17. Ndf3 {[%clk 1:30:30]} Nxe5 {[%clk 1:30:30]} 18. Nxe5 {[%clk
1:30:30]} Bf6 {[%clk 1:30:30]} 19. gxf5 {[%clk 1:30:30]} exf5 {[%clk 1:30:30]}
20. Qh5 {[%clk 1:30:30]} h6 {[%clk 1:30:30]} 21. Qxf5 {[%clk 1:30:30]} Bxe5
{[%clk 1:30:30]} 22. Qxe5 {[%clk 1:30:30]} Qd7 {[%clk 1:30:30]} 23. Qh5 {[%clk
1:30:30]} Rf5 {[%clk 1:30:30]} 24. Qh4 {[%clk 1:30:30]} c4 {[%clk 1:30:30]} 25.
Bxe4 {[%clk 1:30:30]} dxe4 {[%clk 1:30:30]} 26. Rf1 {[%clk 1:30:30]} cxb3 {[%clk
1:30:30]} 27. cxb3 {[%clk 1:30:30]} Rc2 {[%clk 1:30:30]} 28. Rf2 {[%clk 1:30:30]}
Rxf2 {[%clk 1:30:30]} 29. Qxf2 {[%clk 1:30:30]} Qd5 {[%clk 1:30:30]} 30. Qc2
{[%clk 1:30:30]} Rxf4 {[%clk 1:30:30]} 31. exf4 {[%clk 1:30:30]} e3 {[%clk
1:30:30]} 32. Qc4 {[%clk 1:30:30]} e2 {[%clk 1:30:30]} 33. Re3 {[%clk 1:30:30]}
1-0

[Event "8th Vellmar Chess Days"]
[Site "chess24.com"]
[Date "2016.07.29"]
[Round "2"]
[White "Rafiee, Kayvan"]
[Black "Woelk, Tom-Frederic"]
[Result "0-1"]
[Board "38"]
[WhiteElo "1843"]
[WhiteTeam "TG Wehlheiden"]
[WhiteCountry "GER"]
[WhiteFideId "4672879"]
[WhiteEloChange "-7"]
[BlackElo "1943"]
[BlackTeam "SC Diogenes"]
[BlackCountry "GER"]
[BlackFideId "12993077"]
[BlackEloChange "7"]

1. e4 {[%clk 1:30:30]} c5 {[%clk 1:30:30]} 2. Nf3 {[%clk 1:30:30]} d6 {[%clk
1:30:30]} 3. d4 {[%clk 1:30:30]} cxd4 {[%clk 1:30:30]} 4. Nxd4 {[%clk 1:30:30]}
Nf6 {[%clk 1:30:30]} 5. Nc3 {[%clk 1:30:30]} a6 {[%clk 1:30:30]} 6. Bc4 {[%clk
1:30:30]} e6 {[%clk 1:30:30]} 7. Bb3 {[%clk 1:30:30]} Be7 {[%clk 1:30:30]} 8. g4
{[%clk 1:30:30]} h6 {[%clk 1:30:30]} 9. Be3 {[%clk 1:30:30]} Bd7 {[%clk 1:30:30]}
10. Rg1 {[%clk 1:30:30]} Nc6 {[%clk 1:30:30]} 11. Qd2 {[%clk 1:30:30]} Qc7 {[%clk
1:30:30]} 12. f3 {[%clk 1:30:30]} Na5 {[%clk 1:30:30]} 13. Qf2 {[%clk 1:30:30]}
Nc4 {[%clk 1:30:30]} 14. Bxc4 {[%clk 1:30:30]} Qxc4 {[%clk 1:30:30]} 15. Nb3
{[%clk 1:30:30]} b5 {[%clk 1:30:30]} 16. a3 {[%clk 1:30:30]} a5 {[%clk 1:30:30]}
17. Qe2 {[%clk 1:30:30]} Qxe2+ {[%clk 1:30:30]} 18. Nxe2 {[%clk 1:30:30]} O-O
{[%clk 1:30:30]} 19. Kf2 {[%clk 1:30:30]} Rfc8 {[%clk 1:30:30]} 20. c3 {[%clk
1:30:30]} Be8 {[%clk 1:30:30]} 21. Ned4 {[%clk 1:30:30]} d5 {[%clk 1:30:30]} 22.
e5 {[%clk 1:30:30]} Nd7 {[%clk 1:30:30]} 23. f4 {[%clk 1:30:30]} b4 {[%clk
1:30:30]} 24. axb4 {[%clk 1:30:30]} axb4 {[%clk 1:30:30]} 25. Rxa8 {[%clk
1:30:30]} Rxa8 {[%clk 1:30:30]} 26. Nc6 {[%clk 1:30:30]} Bf8 {[%clk 1:30:30]} 27.
Ra1 {[%clk 1:30:30]} Rxa1 {[%clk 1:30:30]} 28. Nxa1 {[%clk 1:30:30]} bxc3 {[%clk
1:30:30]} 29. bxc3 {[%clk 1:30:30]} Nc5 {[%clk 1:30:30]} 30. Bxc5 {[%clk
1:30:30]} Bxc5+ {[%clk 1:30:30]} 31. Nd4 {[%clk 1:30:30]} g5 {[%clk 1:30:30]} 32.
Kf3 {[%clk 1:30:30]} gxf4 {[%clk 1:30:30]} 33. Kxf4 {[%clk 1:30:30]} Kg7 {[%clk
1:30:30]} 34. Nab3 {[%clk 1:30:30]} Ba3 {[%clk 1:30:30]} 35. Ne2 {[%clk 1:30:30]}
Be7 {[%clk 1:30:30]} 36. Nbd4 {[%clk 1:30:30]} Bd7 {[%clk 1:30:30]} 37. Ng3
{[%clk 1:30:30]} Ba4 {[%clk 1:30:30]} 38. Ke3 {[%clk 1:30:30]} Bg5+ {[%clk
1:30:30]} 39. Kd3 {[%clk 1:30:30]} Bd1 {[%clk 1:30:30]} 40. h3 {[%clk 1:30:30]}
Kg6 {[%clk 1:30:30]} 41. c4 {[%clk 1:30:30]} dxc4+ {[%clk 1:30:30]} 42. Kxc4
{[%clk 1:30:30]} Bf4 {[%clk 1:30:30]} 43. Ne4 {[%clk 1:30:30]} Bxe5 {[%clk
1:30:30]} 44. Nc6 {[%clk 1:30:30]} Bh2 {[%clk 1:30:30]} 45. Ne7+ {[%clk 1:30:30]}
Kg7 {[%clk 1:30:30]} 46. Kd3 {[%clk 1:30:30]} Ba4 {[%clk 1:30:30]} 47. Nc8 {[%clk
1:30:30]} Bc7 {[%clk 1:30:30]} 48. Kc4 {[%clk 1:30:30]} Bd7 {[%clk 1:30:30]} 49.
Na7 {[%clk 1:30:30]} Kg6 {[%clk 1:30:30]} 50. h4 {[%clk 1:30:30]} Bb6 {[%clk
1:30:30]} 51. h5+ {[%clk 1:30:30]} Kg7 {[%clk 1:30:30]} 52. Nb5 {[%clk 1:30:30]}
Bc6 {[%clk 1:30:30]} 53. Nd2 {[%clk 1:30:30]} Be3 {[%clk 1:30:30]} 54. Nd4 {[%clk
1:30:30]} Bg2 {[%clk 1:30:30]} 55. Kd3 {[%clk 1:30:30]} Bxd2 {[%clk 1:30:30]} 56.
Kxd2 {[%clk 1:30:30]} Bh3 {[%clk 1:30:30]} 57. Ne2 {[%clk 1:30:30]} Bxg4 {[%clk
1:30:30]} 58. Ng3 {[%clk 1:30:30]} f5 {[%clk 1:30:30]} 59. Ke3 {[%clk 1:30:30]}
Kf6 {[%clk 1:30:30]} 0-1

[Event "8th Vellmar Chess Days"]
[Site "chess24.com"]
[Date "2016.07.29"]
[Round "2"]
[White "Henkemeier, Michael"]
[Black "Baumann, Marcel"]
[Result "1-0"]
[Board "39"]
[WhiteElo "1942"]
[WhiteTeam "SK Werther"]
[WhiteCountry "GER"]
[WhiteFideId "24611379"]
[WhiteEloChange "7"]
[BlackElo "1831"]
[BlackTeam "SC Papenburg"]
[BlackCountry "GER"]
[BlackFideId "12974668"]
[BlackEloChange "-7"]

1. d4 {[%clk 1:30:30]} Nf6 {[%clk 1:30:30]} 2. Nf3 {[%clk 1:30:30]} g6 {[%clk
1:30:30]} 3. c4 {[%clk 1:30:30]} Bg7 {[%clk 1:30:30]} 4. Nc3 {[%clk 1:30:30]} d6
{[%clk 1:30:30]} 5. e4 {[%clk 1:30:30]} Bg4 {[%clk 1:30:30]} 6. Be2 {[%clk
1:30:30]} Nfd7 {[%clk 1:30:30]} 7. Be3 {[%clk 1:30:30]} a5 {[%clk 1:30:30]} 8.
Qb3 {[%clk 1:30:30]} b6 {[%clk 1:30:30]} 9. Rd1 {[%clk 1:30:30]} Na6 {[%clk
1:30:30]} 10. O-O {[%clk 1:30:30]} Bxf3 {[%clk 1:30:30]} 11. Bxf3 {[%clk
1:30:30]} e5 {[%clk 1:30:30]} 12. dxe5 {[%clk 1:30:30]} Bxe5 {[%clk 1:30:30]} 13.
Bd4 {[%clk 1:30:30]} O-O {[%clk 1:30:30]} 14. Bxe5 {[%clk 1:30:30]} Nxe5 {[%clk
1:30:30]} 15. Be2 {[%clk 1:30:30]} Nc5 {[%clk 1:30:30]} 16. Qc2 {[%clk 1:30:30]}
Re8 {[%clk 1:30:30]} 17. f4 {[%clk 1:30:30]} Ned7 {[%clk 1:30:30]} 18. Bf3 {[%clk
1:30:30]} Ra6 {[%clk 1:30:30]} 19. Nb5 {[%clk 1:30:30]} Qc8 {[%clk 1:30:30]} 20.
Rde1 {[%clk 1:30:30]} Nf6 {[%clk 1:30:30]} 21. e5 {[%clk 1:30:30]} dxe5 {[%clk
1:30:30]} 22. fxe5 {[%clk 1:30:30]} Nfd7 {[%clk 1:30:30]} 23. Bc6 {[%clk
1:30:30]} Re7 {[%clk 1:30:30]} 24. Qc3 {[%clk 1:30:30]} Nb8 {[%clk 1:30:30]} 25.
Bd5 {[%clk 1:30:30]} Qe8 {[%clk 1:30:30]} 26. Qf3 {[%clk 1:30:30]} Rd7 {[%clk
1:30:30]} 27. e6 {[%clk 1:30:30]} fxe6 {[%clk 1:30:30]} 28. Bxe6+ {[%clk
1:30:30]} Nxe6 {[%clk 1:30:30]} 29. Rxe6 {[%clk 1:30:30]} Qd8 {[%clk 1:30:30]}
30. Qe3 {[%clk 1:30:30]} 1-0